000 00640nam a2200181Ia 4500
008 100920s9999 xx 000 0 und d
082 _b29187
_a--- थ 75
100 _aगुप्ते चारूशिला.
245 _aतुका आकाशाएंवढा.
260 _bसाहित्य प्रसार केंद्र, मुंबई.
_c1975
300 _a164
_bसाधी
365 _b15
520 _aकादंबरी.
630 _aतुका आकाशाएंवढा.
650 _aकादंबरी.
730 _aतुका आकाशाएंवढा.
942 _cBOOK
999 _c685119
_d685116